| 000 | 00769 a2200217 4500 | ||
|---|---|---|---|
| 020 | _c210.00 | ||
| 035 | _aB-82253 | ||
| 037 | _bRP-ZLS-1883 / UBH-04-05:1 / RP-04-05:ENG | ||
| 082 | 1 | 4 | _a540 |
| 090 |
_c2197 _d2197 |
||
| 100 | 1 | _aAgarwala, S.K. | |
| 245 | 1 |
_aPragati's numerical problems in chemistry _bfor entrance examination of varous agricultural, medical and engineering collages _cby S.K. Agarwala, Keemti Lal, Deepak Agarwala |
|
| 250 | _a12th ed. | ||
| 260 |
_aMeerut _bPragati Prakashan _c2003r |
||
| 300 |
_axxiv, 620 p _c24 cm (pbk) |
||
| 500 | _aThis is reprint 2003 | ||
| 700 | _aKeemti Lal | ||
| 700 | _aAgarwal, Deepak | ||
| 942 |
_adpl _cEN _k540 / AGA |
||
| 999 |
_c2157 _d2157 |
||